Landlocked Countries - Statistics

General Stats
  • This quiz has been taken 49 times
  • The average score is 7 of 8
Answers on the Grid
Answers color-coded by a green-red scale on the quiz's grid according to % correct below.
Ukraine
Ireland
Mongolia
Guatemala
Austria
Liechtenstein
Belize
Belarus
Moldova
Eritrea
Kenya
Uganda
Kuwait
Uzbekistan
Bahrain
Paraguay
 
Answer Stats
Answer % Correct
Mongolia
98%
Liechtenstein
91%
Austria
84%
Belarus
80%
Paraguay
80%
Uzbekistan
78%
Moldova
76%
Uganda
71%
No matching quizzes found
Score Distribution
Percent of People with Each Score
Percentile by Number Answered
Your Score History
You have not taken this quiz